000 00625nam a22002172 4500
001 0000012945
005 20151217145858.0
008 090513s xx 000 0 eng d
020 _a0321410297 :
040 _aKABU
_cKABU
100 1 _aSmith, Thomas M.
_@0000169963
245 1 0 _aElements of ecology /
_cThomas M. Smith, Robert Leo Smith.
250 _a6th ed.
260 _aBoston :
_bPearson,
_c2006.
300 _axxiv, 658 p.
650 0 _aEcology.
_@0000155307
700 1 _aSmith, Robert Leo.
_@0000169964
852 1 _9p4005 KES
908 _a090513
950 _@1
999 _c3626
_d3626